[Event "Dos Hermanas-B"]
[Site "Dos Hermanas"]
[Date "2001.04.20"]
[Round "2"]
[White "Korneev, Oleg"]
[Black "Moreno Carnero, Javier"]
[Result "0-1"]
[WhiteElo "2572"]
[BlackElo "2480"]
[Annotator "Postny,E"]
[PlyCount "116"]
[EventDate "2001.04.19"]
[EventType "tourn"]
[EventRounds "9"]
[EventCountry "ESP"]
[EventCategory "9"]
[SourceTitle "CBM 083"]
[Source "ChessBase"]
[SourceDate "2001.07.05"]
[SourceVersion "1"]
[SourceVersionDate "2001.07.05"]
[SourceQuality "1"]

1. e4 e5 2. Nf3 Nc6 3. d4 exd4 4. Nxd4 Bc5 5. Nb3 Bb6 6. a4 Qf6 7. Qd2 {
A rare move and isn't a promising one. The main line is considered to be 7.Qe2:
} (7. Qe2 a6 8. a5 Ba7 9. Nc3 Nge7 10. Be3 Bxe3 11. Qxe3 d6 12. O-O-O O-O 13.
Be2 Be6 14. Nd5 Bxd5 15. exd5 Ne5 16. f4 N5g6 17. g3 Rfe8 18. Qf2 Nf5 19. Bd3
Ne3 20. Rd2 Re7 21. Qf3 Rae8 22. c3 {1/2-1/2 Ljubojevic,L-Karpov,A/Bugojno
1980/MCD (22)}) 7... a6 $146 (7... a5 8. Bb5 Nge7 9. Nc3 Ne5 10. O-O O-O 11.
Qf4 Qxf4 12. Bxf4 d6 13. Rae1 Be6 14. Be3 Bxe3 15. Rxe3 Nc4 16. Bxc4 Bxc4 $11 {
1-0 Spinelli,D-Rigamonti,S/Italy 1995/EXT 2000 (56)}) 8. Nc3 Nge7 9. Bd3 (9. f4
$6 {[%csl Gb6,Re1][%cal Rb6g1] wouldn't be recommended.}) 9... Ne5 10. O-O d6 (
10... Nxd3 $6 {is a dubious exchange which strenghthens white's center.} 11.
cxd3 $14) 11. Be2 h5 $1 {Nice and aggressive move.Black is intending to
develope the initiative on the kingside.White should consider now the exchange
of queens, otherwise he may found himself under dangerous attack.} 12. a5 Ba7
13. Nd5 $2 {A very careless move.} ({Necessary was} 13. Qg5 $11) 13... Nxd5 14.
exd5 (14. Qxd5 Qg6 {[%cal Gc8h3,Yc7c6]} 15. Kh1 c6 16. Qd2 Qxe4 $17) 14... Bg4
15. h3 $2 {White's development is very retarded.The last move wastes a vital
tempo.The threat of taking the Bg4 is imaginary.} (15. Bxg4 $6 hxg4 16. Qg5
Qxg5 17. Bxg5 g3 $1 18. hxg3 Rh5 19. Bd2 O-O-O {[%csl Rg1][%cal Gd8h8]} 20. Ra4
{[%cal Ga4h4]} Ng6 $17 {[%csl Rd5]}) (15. Ra4 $1 {[%cal Ga4h4] White has to
include this rook in the defense as soon as possible.} O-O-O $15) 15... Qg6 $1
16. Kh1 ({After} 16. hxg4 $2 hxg4 {[%csl Rg1][%cal Rg6h5,Rg4g3] white king is
doomed.}) 16... O-O-O 17. f4 {[%csl Ga7,Re3] Now black dark-squares bishop
becomes very strong.However it's already hard to give any good advice...} (17.
Ra4 {gives better practical chances, still the evaluation of the position
shouldn't change even then.} Rde8 $17) 17... Bxe2 18. Qxe2 Ng4 {[%csl Ga7,Re3]
Every black piece feels comfortable on this "attacked" square.} 19. f5 Qf6 20.
c3 ({Now} 20. Ra4 {doesn't help, as after} Rde8 {white cann't play} 21. Re4
Rxe4 22. Qxe4 Nf2+ $19) 20... Rde8 21. Qf3 Ne3 22. Bxe3 Rxe3 23. Qf4 Rhe8 {
Black's position is winning purely because of some positional factors:
domination of the "e" file, the bishop is much stronger then the knight and
white has some pawn weaknesses.} 24. Nd4 (24. Rad1 R8e4 25. Qh2 h4 {and black
in total control of the position.}) 24... R8e4 25. Qf2 Bxd4 26. cxd4 Qxd4 27.
Rad1 Rd3 28. Rxd3 Qxd3 29. Rc1 Qxd5 30. Qf3 (30. Qb6 Re1+ $19) 30... Qe5 $1 {
This is the most technical way to win the game.} (30... h4 31. Qc3) 31. Qxh5
Re1+ 32. Rxe1 Qxe1+ 33. Kh2 Qe5+ 34. Kh1 g6 {winning second pawn back...} 35.
Qh7 Qxf5 36. Qh8+ Kd7 {Black king is very safe.There is no hope for the
perpetual check.} 37. g4 Qf3+ 38. Kh2 Qf2+ 39. Kh1 Qf1+ 40. Kh2 Qf4+ 41. Kg2 d5
42. Qb8 Qd2+ 43. Kf3 Qxb2 {White's resignation is long overdue.} 44. h4 Qf6+
45. Kg3 Qe5+ 46. Kf3 Qe4+ 47. Kg3 d4 48. Qf8 (48. h5 d3 {and black pawn is
first in turn for promotion.}) 48... Qe3+ 49. Kg2 Qf4 50. Qb4 Qxg4+ {Forth
pawn...} 51. Kf1 Qf3+ 52. Kg1 Qe3+ 53. Kg2 Qc3 54. Qf8 Qd2+ 55. Kf3 Qe3+ 56.
Kg2 Qe4+ 57. Kg1 Qd5 58. Kf1 d3 {At last...} 0-1

[Event "Tata Steel-A 73rd"]
[Site "Wijk aan Zee"]
[Date "2011.01.21"]
[Round "6"]
[White "Shirov, Alexei"]
[Black "Kramnik, Vladimir"]
[Result "0-1"]
[WhiteElo "2722"]
[BlackElo "2784"]
[Annotator "Postny,E"]
[PlyCount "86"]
[EventDate "2011.01.14"]
[EventType "tourn"]
[EventRounds "13"]
[EventCountry "NED"]
[EventCategory "20"]
[SourceTitle "CBM 141"]
[Source "ChessBase"]
[SourceDate "2011.03.17"]
[SourceVersion "1"]
[SourceVersionDate "2011.03.17"]
[SourceQuality "1"]

{Old rivals Alexey Shirov and Vladimir Kramnik have already played dozens of
sharp and exciting games. The current battle wasn't an exception.} 1. e4 e5 2.
Nf3 Nc6 3. d4 exd4 4. Nxd4 Nf6 5. Nxc6 bxc6 6. e5 Qe7 7. Qe2 Nd5 8. c4 Nb6 9.
Nc3 Bb7 {This move is relatively rare. The main lines are 9...Qe6 and 9...a5.}
10. Bd2 g6 {Instead, 10...0-0-0 followed by f7-f6 at some point is another
idea. We are already entering unexplored territory.} 11. Ne4 {This move is
required. The possible alternative is 11.f4 which needs practical testing.}
O-O-O 12. a4 ({The latest example on this theme is from the "Aeroflot" open:} 
12. f4 c5 13. O-O-O d6 14. Bc3 Bh6 15. Ng5 dxe5 16. Rxd8+ Rxd8 17. Qxe5 Qd7 18.
b3 f6 19. Qxf6 Qd1+ 20. Kb2 Kb8 21. Ne6 Rd6 22. Qe5 Bg7 23. Nxg7 $4 (23. Qxg7 {
[%csl Rc7]} Rxe6 24. Ba5 Be4 25. Qc3 Qb1+ 26. Ka3 Rd6 27. Qb2 Qxb2+ 28. Kxb2
Rd1 $17) 23... Na4+ $1 {This forces mate.} 24. Ka3 (24. bxa4 Rb6+ 25. Ka3 Bc6
$19 {[%csl Ra4]}) 24... Qc1+ 25. Bb2 Nxb2 {0-1 Kotsur,P (2559)-Volokitin,A 
(2678)/Moscow RUS 2011/The Week in Chess 850}) 12... Ba6 13. Qe3 $1 (13. a5
Nxc4 14. Ra4 Bg7 15. Rxc4 (15. f4 d5 $17) 15... Bxe5 16. Qe3 (16. Nc5 d5 17.
Nxa6 dxc4 $17) 16... d5 17. Bb4 Qe8 18. Qxa7 Bxc4 19. Bxc4 Bc3+ $1 {Nice trick.
} 20. Bxc3 Qxe4+ 21. Be2 Rhe8 22. Qa6+ Kb8 $19) 13... Qxe5 $1 {Now matters are
becoming extremely sharp.} (13... d5 $2 14. exd6 cxd6 15. c5 $1 Bxf1 16. Nxd6+
Rxd6 17. Qxe7 Bxe7 18. cxd6 Bxg2 19. Rg1 Bxd6 20. Rxg2 $16) 14. Bc3 Bb4 15.
Bxb4 Rhe8 {Black's compensation for the piece is obvious. All his pieces are
in action, whilst the white king is unsafe.} 16. f3 $1 (16. Bd3 Bxc4 17. Bc3
Qe6 18. a5 Bxd3 19. axb6 Qxe4 20. bxc7 Kxc7 21. Ba5+ Kb7 22. Kd2 $1 Qxe3+ 23.
fxe3 Be4 24. Bxd8 Rxd8 $15) (16. O-O-O Qxe4 17. Qxe4 Rxe4 18. a5 Nd5 19. f3
Rxc4+ 20. Bxc4 Bxc4 $15) (16. a5 Nxc4 17. Bxc4 Bxc4 18. f3 Qb5 19. Bc3 f5 $17)
16... d5 17. a5 $2 {An important moment. Shirov is faithful to his style and
goes for the sharpest continuation. It is impossible to calculate all the
lines; in such cases a player must rely, partly, on intuition. This time it
was a wrong choice, as after this moment I couldn't find a way for White to
keep the balance.} (17. cxd5 $1 Bxf1 18. Kxf1 cxd5 19. a5 Nc4 (19... dxe4 20.
axb6 Qb5+ 21. Kf2 Qxb4 22. bxa7 Kb7 $11) 20. Qc3 dxe4 21. Qxc4 exf3 22. gxf3
Rd4 23. Qa6+ Kd7 24. Bc3 Qe3 25. Bxd4 Qxf3+ 26. Kg1 Qg4+ $11) 17... Nxc4 18.
Qxa7 Qxb2 19. Qxa6+ Kd7 {It's clear that the black king is far safer, compared
to his counterpart.} 20. Rd1 (20. Bxc4 Qxa1+ 21. Kf2 Qd4+ 22. Kg3 Rxe4 $1 (
22... dxe4 23. Bxf7 exf3 24. Bxe8+ Rxe8 25. gxf3 Re5 26. Be1 $1 Rg5+ 27. Kh3
Rb5 $1 28. Qa8 Qf4 29. Kg2 Rg5+ 30. Bg3 Qd2+ 31. Kh3 Rh5+ 32. Bh4 Rxh4+ 33.
Kxh4 Qf4+ 34. Kh3 Qxf3+ 35. Kh4 Qxh1 36. Kg5 $1 Qxh2 37. a6 Qh5+ 38. Kf6 g5 39.
a7 Qg6+ 40. Ke5 $11) 23. Bxd5 $1 (23. fxe4 $2 Qe3+ 24. Kh4 h5 25. g3 g5+ 26.
Kh3 g4+ 27. Kg2 Qxe4+ 28. Kg1 dxc4 $19) 23... Qe5+ 24. Kf2 Qxd5 25. fxe4 Qd4+
26. Kf3 Rb8 $1 (26... Qxb4 27. Rd1+ Ke7 28. Rxd8 Kxd8 29. Qa8+ Kd7 30. a6 {
and Black must give a perpetual check.}) 27. Rc1 (27. Qe2 Qf6+ 28. Kg3 Rxb4 $17
) 27... Qf6+ 28. Ke2 Rxb4 29. Rd1+ Ke7 30. Qd3 Qd6 $17) 20... Qxb4+ 21. Kf2
Rxe4 $1 {Eliminating the key defender.} 22. fxe4 Qc5+ 23. Ke1 Qb4+ 24. Kf2 Qc5+
25. Ke1 Nb2 $1 {Despite being a rook down, Black has every ground to play for
a win!} 26. exd5 (26. Be2 Nxd1 27. Bxd1 Re8 $17) (26. Rd2 Qc1+ 27. Ke2 Re8 $19)
26... Qc3+ 27. Rd2 Qc1+ $6 {It was more precise to start with the rook check.}
(27... Re8+ $1 28. Be2 Qc1+ 29. Kf2 Qxd2 30. Rb1 Qxd5 {and Black should be
winning.}) 28. Ke2 Re8+ 29. Kf3 Qxd2 30. Qxc6+ Kd8 31. Qf6+ Re7 32. Kg4 $2 (32.
Kg3 Nd3 33. Bxd3 Qxd3+ 34. Kh4 Ke8 $1 35. Rf1 Qd2 36. Qc6+ Kf8 37. Qf6 Re4+ 38.
Kg3 Re3+ 39. Kh4 Qxd5 40. Qh8+ Ke7 41. Qf6+ Ke8 42. Qh8+ Kd7 43. Rxf7+ $1 Qxf7
44. Qd4+ Kc6 45. Qxe3 Qf6+ 46. Kh3 Kb5 {and after all the effort, the endgame
is still very difficult for White.}) (32. Ba6 $5 {From a practical point of
view this was the best chance. Black has the upper hand at the end of all the
following fascinating lines. However, in this case Kramnik had to be very
precise, as his king is also in danger along the way.} Nd3 $1 (32... Qe3+ $2
33. Kg4 h5+ 34. Kh4 Qe4+ 35. Kg3 {is not more than a perpetual check.}) 33. Kg3
(33. Qh8+ Re8 34. Qf6+ Kd7 35. Qxf7+ (35. Bb5+ Kc8 36. Ba6+ Kb8 37. Rb1+ Nb4
$19) 35... Kd6 $1 36. Qf6+ Kxd5 37. Bb7+ Kc5 38. Qc6+ Kb4 39. Rb1+ Ka3 40. Qxe8
Qf2+ 41. Ke4 Qe2+ 42. Kd4 Qxe8 $19) 33... Qe3+ 34. Kh4 Nc5 35. Qh8+ Kd7 36.
Bc8+ (36. Bb5+ c6 37. Bxc6+ Kc7 $19) 36... Kd6 37. Qf6+ Kxd5 38. Rd1+ Kc4 39.
Ba6+ Kb4 40. Rb1+ Nb3 $19) 32... Nd1 $1 33. Qh8+ Kd7 34. Bb5+ c6 {The same
idea, as we saw in some of the above-mentioned lines, wins for Black.} 35.
Bxc6+ Kc7 36. d6+ Qxd6 {White's checks are over, all his pieces are
discoordinated and can't help their own monarch.} (36... Kxc6 {wins faster
according to an engine, but Kramnik's choice is way more human.}) 37. Rxd1
Qxd1+ 38. Bf3 h5+ 39. Kg3 Qe1+ 40. Kh3 Qe6+ 41. Kh4 g5+ $1 42. Kxg5 Qg6+ 43.
Kf4 f6 $1 {[%mdl 68] An outstanding game, and another example of superb
opening preparation of Vladimir Kramnik!} (43... f6 $1 {[%cal Rg6g5]} 44. h4
Re8 45. Qxh5 Re4+ $1 46. Bxe4 Qxh5 $19) 0-1

[Event "POL-ch 58th"]
[Site "Warsaw"]
[Date "2001.03.21"]
[Round "4"]
[White "Macieja, Bartlomiej"]
[Black "Grabarczyk, Miroslaw"]
[Result "1/2-1/2"]
[WhiteElo "2578"]
[BlackElo "2489"]
[Annotator "Postny,E"]
[PlyCount "97"]
[EventDate "2001.03.18"]
[EventType "tourn"]
[EventRounds "13"]
[EventCountry "POL"]
[EventCategory "11"]
[SourceTitle "CBM 082"]
[Source "ChessBase"]
[SourceDate "2001.05.17"]
[SourceVersion "1"]
[SourceVersionDate "2001.05.17"]
[SourceQuality "1"]

1. e4 e5 2. Nf3 Nc6 3. d4 exd4 4. Nxd4 Bc5 5. Nxc6 Qf6 6. Qd2 dxc6 7. Nc3 Ne7 {
Other options:} (7... Be6) (7... Bd4) 8. Na4 Bd6 9. f4 O-O 10. Qf2 ({Bad is} 
10. e5 $2 {due to} Bxe5 11. fxe5 Qh4+ $17 {[%csl Ra4,Gh4][%cal Rh4a4,Rh4e1]}) (
10. Bd3 Ng6 11. g3 Re8 12. Qe2 Bb4+ 13. c3 Bf8 14. Be3 Bh3 15. Nc5 Bxc5 16.
Bxc5 Qe6 17. Kf2 Rad8 18. Rhe1 Qd7 19. Bc4 Bg4 20. Qe3 b6 21. Ba3 c5 22. Kg1
Ne7 $11 {1/2-1/2 Gluzman,M-Romanishin,O/Moscow 1994/CBM 44 ext (25)}) 10... Qe6
$146 (10... Ng6 11. g3 Re8 12. Bd3 Bb4+ 13. c3 Bf8 14. Be3 b5 15. Nc5 Bf5 16.
O-O Bxc5 17. Bxc5 Bxe4 18. Bxe4 Rxe4 19. Bxa7 Rae8 20. Rae1 h6 {1/2-1/2
Hamdouchi,H-Romanishin,O/Saint Vincent 2000/CBM 74 ext (20)}) 11. Bd3 f5 (11...
Nd5 12. a3 $1 {[%cal Ga3b4]} (12. O-O Nb4 13. Nc5 (13. Nc3 $5) 13... Nxd3 14.
cxd3 (14. Nxe6 $2 Nxf2 15. Nxf8 Nxe4 $19 {[%csl Rf8]}) 14... Qg4 $5 $132 {
[%cal Gb7b6]}) 12... f5 13. e5 Be7 14. Nc5 Qf7 15. O-O {leads to the identical
position in the game.}) 12. e5 Nd5 13. O-O Be7 14. Nc5 {After this natural
move black equalized more or less easily.White has advantage in space, so
keeping more pieces on the board was more unpleasantly for black.} (14. a3 $1 {
limiting black knight.} Rd8 15. Rd1 Qf7 16. b3 $14 {with following c2-c4
somewhere.}) 14... Qf7 {[%cal Gd5b4]} 15. a3 ({Equivalent is:} 15. Bd2 Bxc5 16.
Qxc5 Be6) 15... Bxc5 16. Qxc5 Be6 17. Rd1 (17. c4 Ne7 $11 {[%cal Gf8d8,Gb7b6]})
17... Rfd8 18. Be2 Qe8 {[%cal Gb7b6] protecting c6 pawn.} 19. c4 b6 20. Qf2 Ne7
21. Be3 a5 $1 22. Rxd8 (22. b4 $143 axb4 23. axb4 Rxd1+ {and black occupying
the "a" file.}) 22... Rxd8 23. b4 Ra8 {[%cal Ga5b4]} 24. b5 c5 25. Rd1 Rd8 $11
26. Rxd8 Qxd8 {The position is closed, that's why white can not utilize his
pair of bishops.} 27. Qf3 c6 $1 {getting rid of double pawn.} 28. bxc6 Qc7 29.
Bf2 Qxc6 30. Qxc6 ({Possibly was} 30. Qb3 {declining queen exchange.}) 30...
Nxc6 31. Kf1 Kf8 32. Ke1 Kf7 33. Kd2 Ke8 34. Kc3 Kd7 {The endgame is
completely equal. Each side has no constructive plan.} 35. Bf3 g6 36. h3 {
[%cal Gg2g4]} h5 37. Bd1 Kc7 38. Ba4 Bd7 39. Bc2 Be6 40. Bd3 (40. g4 {doesn't
bring any change.} hxg4 41. hxg4 Kd7 $11) 40... Kd7 {The rest moves of the
game may be called "stand by".} 41. Be2 Nb8 42. Kd3 Nc6 43. Bd1 Kc7 44. Be1 Kd7
45. Bc3 Kc7 46. Be2 Kd7 47. Ke3 Ke7 48. Bd3 Kf7 49. Be2 1/2-1/2

[Event "Hastings 0203 78th"]
[Site "Hastings"]
[Date "2002.12.31"]
[Round "4"]
[White "Tseshkovsky, Vitaly"]
[Black "Harikrishna, Pentala"]
[Result "1/2-1/2"]
[WhiteElo "2545"]
[BlackElo "2551"]
[Annotator "Postny,E"]
[PlyCount "83"]
[EventDate "2002.12.28"]
[EventType "tourn"]
[EventRounds "9"]
[EventCountry "ENG"]
[EventCategory "12"]
[SourceTitle "CBM 093"]
[Source "ChessBase"]
[SourceDate "2003.04.01"]
[SourceVersion "1"]
[SourceVersionDate "2003.04.01"]
[SourceQuality "1"]

1. e4 e5 2. Nf3 Nc6 3. d4 exd4 4. Nxd4 Nf6 5. Nxc6 bxc6 6. e5 Qe7 7. Qe2 Nd5 8.
c4 Ba6 9. b3 g6 {More ambitious alternative to this move is 9...g5. Also
appeared in practice 9...0-0-0, 9...Qh4 etc.} 10. f4 Bg7 (10... Qb4+ 11. Bd2
Qb6 {- see the commented games Lautier,J-Bacrot,E/Cannes 2002/CBM 88 [Postny]
and Nataf,I-Bacrot,E/Cannes 2002/CBM 88 [Postny]}) 11. Qf2 Nb6 (11... Nf6 12.
Be2 {1-0 Svidler,P-Rizouk,A/Shenyang 2000/CBM 79/[Mikhalevski,V] (33)}) 12. c5
$5 {This move changes the character of the position.} ({Logical is:} 12. Ba3
Qe6 13. Nd2 d6 14. O-O-O O-O 15. Bd3 $14 {1-0 Vorobiov,E-Obukhov,A/Orel 1997/
EXT 99 (26)}) 12... Bxf1 13. cxb6 Ba6 14. Ba3 (14. bxc7 d6 15. Ba3 {- see 14.
Ba3.}) 14... Qd8 $6 $146 {Now white gets a comfortable advantage without
problems.} ({A critical variation is} 14... d6 15. bxc7 c5 16. Nc3 Qxc7 17.
O-O-O Qa5 18. Bb2 dxe5 19. Nd5 O-O 20. Bxe5 $14 {1-0 Tseshkovsky,V-Arbakov,V/
Krasnodar 2002/EXT 2003 (27)}) 15. bxc7 Qxc7 16. Bd6 Qa5+ 17. Qd2 Qxd2+ {
Black lost several tempos with the queen and finally exchanged it.} 18. Nxd2 $6
({Stronger would be} 18. Kxd2 $1 {not allowing black to activate his
light-squared bishop.} f6 19. Nc3 $16) 18... Bd3 $1 {Restricting the
possibilities of white's N.} 19. O-O-O Bf5 (19... Bh6 $6 20. g3 g5 21. fxg5
Bxg5 22. Kb2 $16) 20. Rde1 $6 (20. Nc4 {with possible plan: Nc4-e3, Rd1-d4-a4.}
) 20... Bf8 {Black has to exchange his bad dark-squared bishop as soon as
possible.} 21. Bxf8 (21. Nc4 $142) 21... Kxf8 22. h3 Be6 {Transfering the
bishop to an excellent square d5.} 23. Rhf1 Ke7 (23... a5 $5 $132 {[%cal Ga5a4]
}) 24. g4 Bd5 {[%csl Gd5]} 25. Ne4 h5 26. f5 (26. g5 a5 $132 {[%cal Ga5a4]})
26... hxg4 27. hxg4 gxf5 28. gxf5 Rag8 $11 {[%csl Gg8,Gh8] Now black has
nothing to worry about.} 29. Rf2 {It is important to cover the second rank.}
Rh4 30. Nf6 Rgh8 31. Rd1 (31. Rd2 Rh2 $11) 31... Rh1 {The game is now quickly
ends in a draw more or less by force.} 32. Rfd2 Rxd1+ 33. Rxd1 (33. Kxd1 Rh1+
34. Kc2 Rf1 35. Nxd5+ cxd5 36. Rxd5 Rxf5 {is very similar to the game.}) 33...
Rh2 $11 34. Nxd5+ cxd5 35. a4 Rf2 36. Rxd5 Rxf5 37. Ra5 Ke6 38. Rxa7 Rxe5 39.
a5 f5 {There are four passed pawns in the position, nevertheless it's still
draw, since both sides is now working on neutralizing the opponent's pawns.}
40. Ra8 Kd6 41. Kd2 f4 42. Rf8 1/2-1/2

[Event "Dubai op"]
[Site "Dubai"]
[Date "2001.04.20"]
[Round "6"]
[White "Kotsur, Pavel"]
[Black "Pavasovic, Dusko"]
[Result "0-1"]
[WhiteElo "2576"]
[BlackElo "2515"]
[Annotator "Postny,E"]
[PlyCount "86"]
[EventDate "2001.04.15"]
[EventType "swiss"]
[EventRounds "9"]
[EventCountry "UAE"]
[SourceTitle "CBM 083"]
[Source "ChessBase"]
[SourceDate "2001.07.05"]
[SourceVersion "1"]
[SourceVersionDate "2001.07.05"]
[SourceQuality "1"]

1. e4 e5 2. Nf3 Nc6 3. d4 exd4 4. Nxd4 Nf6 5. Nxc6 bxc6 6. e5 Qe7 7. Qe2 Nd5 8.
c4 Nb6 9. Nc3 Ba6 10. Qe4 Qe6 11. b3 O-O-O 12. f4 f6 13. c5 $6 $146 {A very
risky novelty.} (13. Bd2 Bb7 14. O-O-O Re8 15. Re1 fxe5 16. fxe5 g6 17. Bd3 c5
18. Qe2 Bg7 19. Bf4 Rhf8 20. Bg3 {1/2-1/2 Fernandez,D-Kaufman,L/2000/
Washington (20)}) 13... Bxf1 14. cxb6 Ba6 15. bxa7 Kb7 16. b4 $2 {[%mdl 16384]
This is already a serious mistake.} ({White has to play} 16. Be3 {, no matter
is it good or bad.} {The game may continue:} Re8 (16... d5 17. exd6 Qxe4 18.
Nxe4 Re8 19. Nc5+ Kxa7 20. Nxa6+ Kxa6 21. Kf2 cxd6 $11) 17. Bd4 fxe5 18. fxe5
d5 (18... Bd6 $2 19. O-O-O {[%csl Gd1,Rd7]}) 19. Qf3 (19. Qe3 $2 c5 $1 20. Bxc5
Bxc5 21. Qxc5 Qxe5+ 22. Kd1 d4 $19) 19... Bd6 20. Na4 Qg6 21. O-O-O Bxe5 22.
Qc3 (22. Nc5+ $2 Kxa7 23. Nxa6+ Kxa6 24. Qe2+ Kb7 25. Bxe5 Qg5+ $17) 22... Bxd4
23. Rxd4 Kxa7 24. Nc5 Qg5+ 25. Kb1 Qxg2 26. Rhd1 Qg6+ 27. Ka1 Rb8 28. Nxa6 Kxa6
29. Ra4+ Kb7 30. Rb4+ Ka8 (30... Kc8 $4 31. Qh3+ $18) 31. Ra4+ Kb7 $11) {
[%tqu "En","Please enter a move for black.","","","d7d5","",10]} 16... d5 $1
17. Qd4 (17. exd6 $2 Qxe4+ 18. Nxe4 Re8 $19) 17... fxe5 18. fxe5 Bd6 19. Bf4
Bxe5 (19... Rhe8 $144) 20. Bxe5 Rhe8 21. O-O-O Qxe5 22. Qxe5 Rxe5 23. Rhe1 (23.
Na4 Kxa7 24. Rhe1 Rde8) 23... Rde8 24. Rxe5 (24. Kd2 d4 $19) 24... Rxe5 25. Na4
Kxa7 {Black is a pawn up and his B is better then white's N.The endgame is
winning for black, however there are some technical problems. Hecht: '[#]
Beide Seiten spielen praktisch ohne König, wobei sich der Läufer als die
gefährlichere Leichtfigur erweist. '} 26. Rd2 Re4 27. a3 Bc4 28. Nc5 Re3 29.
Kb2 h5 {Black has to create a second weakness on the kingside.} 30. g3 g5 31.
a4 h4 32. gxh4 gxh4 33. Rf2 (33. a5 h3 {[%csl Rh2][%cal Gc4f1,Gf1g2]} 34. Kc2
Bf1 35. Nb3 Ka6 36. Nd4 c5 37. bxc5 Kxa5 $19 {[%csl Rc5]}) 33... d4 34. Rd2 Bd5
35. a5 h3 {[%csl Rh2]} 36. Rf2 Re1 {[%csl Rh2][%cal Gg1g2,Ge1h1,Ge1g1] White
cann't create any counterplay.The f7 square is defended by the black bishop.}
37. Rd2 Rh1 38. Nd3 {'?!' Hecht.  The only way to prevent immediate losing of
Ph2. Hecht: 'Weiß soll den Springer auf c5 belassen, und bei Lg2 sofort auf d4
nehmen können, um danach ein Gegenspiel mittels Td7 einzuleiten. '} (38. Kc2
Bg2 39. Rxd4 Rxh2 40. Rd7 Bd5+ 41. Kc3 Ra2 42. Rxc7+ Kb8 43. Na6+ Ka8 44. Rh7
Be4 45. Rh8+ Ka7 46. Nc5 Bf5 47. Kd4 $11) 38... Bg2 39. Nf4 {'?!' Hecht.} (39.
Nf2 $1 Rxh2 (39... Rf1 40. Kb3 Bd5+ 41. Kc2 Be6 42. Kd3 $15) 40. Nxh3 Rxh3 41.
Rxg2 Ka6 $15) 39... Ka6 ({Of course not} 39... Rxh2 $2 40. Nxh3) 40. Rc2 (40.
Nxg2 $2 Rxh2) 40... Be4 41. Re2 Bf5 {Now black's king is ready to join the
party.} 42. Kb3 Ra1 43. Re5 {'?' Hecht. Hecht: 'Der letzte Fehler entscheidet.'
} (43. Kc4 $1) 43... d3 (43... d3 44. Kc3 Ra3+ 45. Kd2 Ra2+ $19 46. Ke1 d2+ 47.
Kd1 Bg4+ 48. Ne2 c5 49. bxc5 Kxa5 50. Re4 Ra1+ 51. Kxd2 Ra2+ 52. Ke1 Rxe2+ 53.
Rxe2 Bxe2 54. Kxe2 Kb5 55. Kf3 Kxc5 56. Kg3 Kb4 57. Kxh3 c5 58. Kg3 c4 59. Kf2
c3 60. Ke2 Kb3 61. Kd1 Kb2 $19) 0-1